Music Quiz

Random Music or Bands Quiz

Mouthwatering Musicians Quiz Stats

Quiz Updated May 25, 2015

Challenge
Share
Tweet
Embed
Score 0/40 Timer 04:00
1 Play Today
% Correct
Spice Girls
95.6%
Red Hot Chili Peppers
95.6%
Black Eyed Peas
95.5%
Vanilla Ice
95.3%
Meat Loaf
95.1%
Amy Winehouse
95%
Pearl Jam
94.9%
Smashing Pumpkins
94.4%
Salt-n-Pepa
93.4%
The Cranberries
92.2%
Cream
91.6%
Chuck Berry
91.5%
Blue Oyster Cult
90.5%
Bananarama
89.8%
Bread
84.3%
The Sugarhill Gang
82.8%
Sublime
82.4%
The Lemonheads
82.3%
Fiona Apple
81.4%
Blind Melon
81.1%
% Correct
Cake
80.7%
Hot Chocolate
78.1%
Eagle Eye Cherry
75.1%
Rosemary Clooney
74.4%
Tangerine Dream
71.6%
Damien Rice
70.3%
Toni Basil
69.4%
The Sugarcubes
66.5%
The Raspberries
65.5%
Neneh Cherry
65.3%
Taco
63.9%
Kid Creole & the Coconuts
57.4%
The Soup Dragons
56.5%
Marc Almond
56.4%
Captain Beefheart
56.1%
John Farnham
54.8%
Neutral Milk Hotel
50%
Infected Mushroom
48.3%
Lemon Jelly
44.7%
Martha and the Muffins
36.6%

You're not logged in!

Compare scores with friends on all Sporcle quizzes.
Sign Up with Email
OR
Log In

You Might Also Like...

Show Comments

Extras

Top Quizzes Today


Score Distribution

Your Account Isn't Verified!

In order to create a playlist on Sporcle, you need to verify the email address you used during registration. Go to your Sporcle Settings to finish the process.